Регионална библиотека "Любен Каравелов" - Русе

Досадниците (Запис номер 24837)

MARC детайли
000 -Лидер
Контролно поле с фиксирана дължина 01207nam a2200313 c 4500
003 - Код на организацията, давaща контролен номер
Контролно поле BLK
005 - Дата и час на последна редакция
Контролно поле 20231125145729.0
008 - Елементи от данни с фиксирана дължина
fixed length control field 180413b bul|||||r ||||||| ||bul||
010 ## - Наследен системен номер
LC control number KNG00027365000
020 ## - Международен стандартен номер на книга ISBN
Международен стандартен номер на книга ISBN 954-492-129-Х
-- издат.: Нов Златорог
040 ## - Източник на каталожния запис
Идентификатор на билиотеката - собственик на записа BLK
041 ## - Код за език
Код за езика на текст/звукозапис или на отделно заглавие Френски
Код за езика КДБФ Български
080 ## - УДК
Текстов определител УДК Френска литература
УДК код - определител по УДК 821.133.1
УДК определител -22
УДК - код + определител 821.133.1-22
100 1# - Редна дума - Автор
Автор Молиер
Авторска отговорност първи автор
Автор - информация (биография) Поклен, Жан-Батист
R(LIN) 242470
139 ## - Редно поле
Редна дума Молиер
Авторски знак Мол - М 81
245 10 - Сведения за заглавието
Заглавие Досадниците
Подзаглавни данни Комедия-балет
Редно поле (дума) Молиер; прев. от фр. Кирил Кадийски.
257 ## - Страна на издаване
Страна на създаване/издаване Франция
260 ## - Област на издателските данни
-- София
Име на издателя, разпространителя и проч. Нов Златорог
Година на издаване 1998
Печатница [София : ДФ Балканпрес]
300 ## - Физическа характеристика
Страници 64 с.
Размери/Мащаб 20 см
380 ## - Жанр
Жанр Худож. лит.
500 ## - Общи забележки
Забележка Прев. от Oeuvres de Moliere Деп. списък: депозит
700 1# - Други автори (авторска отговорност)
Лично име Кадийски, Кирил
Автороска отговорност (Описва отношението между автора и произведението) прев. от фр.
9 (RLIN) 363853
852 ## - Местоположение
Форматна сигнатура Цб 200292
856 4# - Електронен адрес и достъп
Електронен формат pdf - файл
Път до файла /url/
856 4# - Електронен адрес и достъп
Електронен формат pdf - файл
Път до файла /url/
942 ## - АРТИКУЛИ
Вид на библиотечния материал Книги
Скрит в OPAC Не
Koha issues (borrowed), all copies 1
944 ## - СЪЗДАВАНЕ И РЕДАКЦИЯ на ЗАПИСА
Създаване/Редакция Създаване
Дата на регистрацията/редакция 15.01.2003
Служител, извършил регистрацията/редакцията 30529
Статус, дата на статуса Диана Гривева
944 ## - СЪЗДАВАНЕ И РЕДАКЦИЯ на ЗАПИСА
Създаване/Редакция Редакция
Дата на регистрацията/редакция 05.01.2017
Служител, извършил регистрацията/редакцията Лили_Борисова
999 ## - СИСТЕМНИ КОНТРОЛНИ НОМЕРА
Koha biblionumber 24837
Koha biblioitemnumber 24837
Наличности
Код за отписване Код за изгубен артикул Източник на класификационната схема Код за повреда Коз за рестрикции Код за отдаване Артикулен № Име на библиотеката - собственик Име на библиотеката, в която се намира в момента Статус (Текущо местоположение) Дата на вписване в системата Местоположение - отдел Цена в лева Инвентарен номер Систематично азбучна сигнатура Баркод Номер на екземпляра Цена в евро Служебна бележка Служебен тип на артикула
  Не е изгубен Universal Decimal Classification Не е повреден без рестрикции заемане за дома 40855 Регионална библиотека "Любен Каравелов" Русе Регионална библиотека "Любен Каравелов" Русе Заемна - подръчен фонд 2001-01-01 Заемна - подръчен фонд 0.00 647833 П 821-2/М 81 120000647833 1 0.00 Дата инв: 12.02.2018 Бележки инв: П2018 Книги
  Не е изгубен Universal Decimal Classification Не е повреден без рестрикции ползва се в читалня 40856 Регионална библиотека "Любен Каравелов" Русе Регионална библиотека "Любен Каравелов" Русе Хранилище 2001-01-01 Хранилище 0.00 647709 Цб 200292 120000647709 2 0.00   Книги
Vip Innovations Ltd, Rousse, Bulgaria 2025